| 000 | 00828nmm a2200277 a 4500 | ||
|---|---|---|---|
| 003 | AR-BaBNM | ||
| 005 | 20251128211425.0 | ||
| 008 | 294020s1996 ||||||||||||||000 | spa|| | ||
| 020 | _a950-9385-56-5 | ||
| 040 | _cAR-BaBNM | ||
| 100 | 1 | _aSan Martino de Dromi, María Laura | |
| 245 | 1 | 0 |
_aArgentina contemporánea _bde Perón a Menem |
| 260 |
_aBuenos Aires _bCiudad Argentina _c1996 |
||
| 300 | 0 | _a1575 p. | |
| 600 | 1 | 4 |
_aPerón, Juan Domingo _d1973-1974 |
| 610 | 2 | 4 | _aPartido Justicialista |
| 610 | 2 | 4 | _aUnión Cívica Radical del Pueblo [Argentina] |
| 650 | 4 | _aHISTORIA POLITICA ARGENTINA | |
| 650 | 4 | _aHISTORIA CONTEMPORANEA | |
| 650 | 4 | _aREVOLUCION DE SETIEMBRE DE 1955 | |
| 650 | 4 | _aPARTIDOS POLITICOS ARGENTINOS | |
| 650 | 4 | _aREGRESO DE PERON | |
| 653 | 0 | _aPERONISMO | |
| 942 | _cBK | ||
| 998 | _cMariana | ||
| 999 |
_c19633 _d19633 |
||